Informačné technológie v malých a stredných podnikoch
Informačné technológie a ich vplyv na podnikanie a ich využitie v podnikateľských subjektoch. Charakteristika malých a stredných podnikov s ohľadom na informačné technológie. Konkrétne oblasti aplikácie a využitia informačných technológií v malých a stredných podnikoch. Distribúcia celosvetového odv...
Gespeichert in:
| 1. Verfasser: | |
|---|---|
| Weitere Verfasser: | |
| Format: | Buchkapitel |
| Sprache: | Slowakisch |
| Schlagworte: | |
| Tags: |
Keine Tags, Fügen Sie das erste Tag hinzu!
|
MARC
| LEADER | 00000naa a2200000 4500 | ||
|---|---|---|---|
| 001 | 0283505 | ||
| 005 | 20240502074408.3 | ||
| 041 | 0 | |a slo | |
| 044 | |a SK | ||
| 245 | 1 | 0 | |a Informačné technológie v malých a stredných podnikoch |c Diana Bednarčíková, Anita Romanová |
| 520 | |a Informačné technológie a ich vplyv na podnikanie a ich využitie v podnikateľských subjektoch. Charakteristika malých a stredných podnikov s ohľadom na informačné technológie. Konkrétne oblasti aplikácie a využitia informačných technológií v malých a stredných podnikoch. Distribúcia celosvetového odvetvia informačných technológií v rokoch 2019-2022 podľa regiónov. Typy hardvérových a softvérových výdavkov malých a stredných podnikov. | ||
| 610 | 2 | 0 | |a technológie informačné |
| 610 | 2 | 0 | |a podnik malý |
| 610 | 2 | 0 | |a podnik stredný |
| 610 | 2 | 0 | |a podnikanie |
| 610 | 2 | 0 | |a výdavky |
| 610 | 2 | 0 | |a softvér |
| 610 | 2 | 0 | |a hardvér |
| 100 | 1 | |a Bednarčíková, Diana, 1996- | |
| 700 | 1 | |a Romanová, Anita, 1973- | |